000 00449nam a2200193Ia 4500
008 210210b1929 xxu||||| |||| 00| 0 eng d
041 _aeng
082 _a822/956
100 _aPHELPS (W L)
245 _aEssays on the modern dramatists
260 _aNew York
_bThe Macmillan Company
_c1929
650 _athe
650 _aon
650 _amodern
650 _aEssays
650 _adramatists
690 _aEnglish Prose
906 _a013139
999 _c131984
_d131984